[Event "POHÁR města Říčany 2023"]
[Site "Městské kulturní středisko U labutě"]
[Date "2023.08.28"]
[Round "4.5"]
[White "Kopecky, Jiri"]
[Black "Bezdek, Tomas"]
[Result "0-1"]
[WhiteFideId "317152"]
[BlackFideId "23733551"]
[WhiteElo "1910"]
[BlackElo "2136"]
[PlyCount "0"]
[EventDate "2023.08.26"]

1. e4 {[%clk 01:30:57]} {[%emt 00:00:01]} e6 {[%clk 01:24:54]} {[%emt
00:06:07]} 2. d4 {[%clk 01:31:21]} {[%emt 00:00:05]} d5 {[%clk 01:24:55]}
{[%emt 00:00:29]} 3. Nd2 {[%clk 01:31:45]} {[%emt 00:00:06]} c5 {[%clk
01:25:19]} {[%emt 00:00:06]} 4. Ngf3 {[%clk 01:31:43]} {[%emt 00:00:30]} cxd4
{[%clk 01:25:34]} {[%emt 00:00:16]} 5. exd5 {[%clk 01:31:58]} {[%emt 00:00:15]}
Qxd5 {[%clk 01:25:55]} {[%emt 00:00:10]} 6. Bc4 {[%clk 01:31:42]} {[%emt
00:00:45]} Qd6 {[%clk 01:26:14]} {[%emt 00:00:12]} 7. O-O {[%clk 01:31:23]}
{[%emt 00:00:48]} Nf6 {[%clk 01:26:33]} {[%emt 00:00:12]} 8. Nb3 {[%clk
01:27:54]} {[%emt 00:03:58]} Nc6 {[%clk 01:26:30]} {[%emt 00:00:33]} 9. Nbxd4
{[%clk 01:26:00]} {[%emt 00:02:24]} Nxd4 {[%clk 01:26:48]} {[%emt 00:00:12]} 10.
Qxd4 {[%clk 01:26:19]} {[%emt 00:00:11]} a6 {[%clk 01:14:22]} {[%emt 00:12:57]}
11. Bf4 {[%clk 01:20:00]} {[%emt 00:06:47]} Qxd4 {[%clk 01:13:16]} {[%emt
00:01:38]} 12. Nxd4 {[%clk 01:19:54]} {[%emt 00:00:36]} Bc5 {[%clk 01:11:10]}
{[%emt 00:02:36]} 13. Rad1 {[%clk 01:18:21]} {[%emt 00:02:02]} b5 {[%clk
01:09:38]} {[%emt 00:02:02]} 14. Be2 {[%clk 01:18:27]} {[%emt 00:00:23]} Nd5
{[%clk 01:06:25]} {[%emt 00:03:43]} 15. Bg3 {[%clk 01:11:11]} {[%emt 00:07:47]}
Bb7 {[%clk 01:04:18]} {[%emt 00:02:36]} 16. Bf3 {[%clk 01:10:41]} {[%emt
00:01:01]} O-O {[%clk 01:02:24]} {[%emt 00:02:25]} 17. Rfe1 {[%clk 01:06:52]}
{[%emt 00:04:19]} Rfd8 {[%clk 01:01:51]} {[%emt 00:01:02]} 18. c3 {[%clk
01:01:48]} {[%emt 00:05:36]} Rac8 {[%clk 00:56:58]} {[%emt 00:05:23]} 19. h3
{[%clk 00:58:50]} {[%emt 00:03:28]} Ba8 {[%clk 00:56:32]} {[%emt 00:00:56]} 20.
Be2 {[%clk 00:52:42]} {[%emt 00:06:38]} Nb6 {[%clk 00:49:00]} {[%emt 00:08:03]}
21. Nb3 {[%clk 00:46:06]} {[%emt 00:07:05]} Rxd1 {[%clk 00:46:28]} {[%emt
00:03:02]} 22. Rxd1 {[%clk 00:46:26]} {[%emt 00:00:09]} Be7 {[%clk 00:46:34]}
{[%emt 00:00:26]} 23. Bf4 {[%clk 00:45:38]} {[%emt 00:01:17]} Bd5 {[%clk
00:44:39]} {[%emt 00:02:25]} 24. Bd3 {[%clk 00:29:17]} {[%emt 00:16:52]} h6
{[%clk 00:43:53]} {[%emt 00:01:16]} 25. f3 {[%clk 00:24:43]} {[%emt 00:05:04]}
Bf6 {[%clk 00:33:12]} {[%emt 00:11:11]} 26. Kf2 {[%clk 00:24:00]} {[%emt
00:01:13]} Na4 {[%clk 00:26:27]} {[%emt 00:07:15]} 27. Bc1 {[%clk 00:24:07]}
{[%emt 00:00:22]} Kf8 {[%clk 00:26:47]} {[%emt 00:00:10]} 28. Rd2 {[%clk
00:18:46]} {[%emt 00:05:52]} Ke7 {[%clk 00:20:50]} {[%emt 00:06:27]} 29. Rc2
{[%clk 00:18:43]} {[%emt 00:00:32]} Bxb3 {[%clk 00:19:23]} {[%emt 00:01:57]} 30.
axb3 {[%clk 00:19:01]} {[%emt 00:00:12]} Nc5 {[%clk 00:19:48]} {[%emt
00:00:05]} 31. Be4 {[%clk 00:19:08]} {[%emt 00:00:22]} Nxb3 {[%clk 00:19:28]}
{[%emt 00:00:51]} 32. Bb7 {[%clk 00:18:48]} {[%emt 00:00:49]} Rd8 {[%clk
00:19:48]} {[%emt 00:00:11]} 33. Be3 {[%clk 00:13:12]} {[%emt 00:06:06]} Rd6
{[%clk 00:18:52]} {[%emt 00:01:25]} 34. c4 {[%clk 00:13:18]} {[%emt 00:00:25]}
Nd4 {[%clk 00:17:47]} {[%emt 00:01:36]} 35. Rd2 {[%clk 00:02:32]} {[%emt
00:11:16]} bxc4 {[%clk 00:14:21]} {[%emt 00:03:55]} 36. Bxa6 {[%clk 00:02:54]}
{[%emt 00:00:09]} Rxa6 {[%clk 00:14:40]} {[%emt 00:00:11]} 37. Bxd4 {[%clk
00:03:21]} {[%emt 00:00:03]} Bxd4+ {[%clk 00:13:22]} {[%emt 00:01:48]} 38. Rxd4
{[%clk 00:03:50]} {[%emt 00:00:01]} Ra4 {[%clk 00:13:35]} {[%emt 00:00:17]} 39.
Rd2 {[%clk 00:03:29]} {[%emt 00:00:51]} Ra5 {[%clk 00:12:32]} {[%emt 00:01:33]}
40. Ke3 {[%clk 00:03:48]} {[%emt 00:00:09]} Re5+ {[%clk 00:12:41]} {[%emt
00:00:20]} 41. Kf2 {[%clk 00:03:31]} {[%emt 00:00:50]} Rd5 {[%clk 00:13:01]}
{[%emt 00:00:10]} 42. Rc2 {[%clk 00:03:55]} {[%emt 00:00:06]} Rd4 {[%clk
00:13:04]} {[%emt 00:00:27]} 43. Ke3 {[%clk 00:03:51]} {[%emt 00:00:34]} e5
{[%clk 00:13:29]} {[%emt 00:00:05]} 44. Rc3 {[%clk 00:04:15]} {[%emt 00:00:06]}
Ke6 {[%clk 00:08:08]} {[%emt 00:05:51]} 45. b3 {[%clk 00:04:36]} {[%emt
00:00:08]} cxb3 {[%clk 00:08:32]} {[%emt 00:00:06]} 46. Rxb3 {[%emt 00:00:04]}
f5 {[%clk 00:08:39]} {[%emt 00:00:21]} 47. Rb7 {[%clk 00:04:48]} {[%emt
00:00:45]} Rd7 {[%clk 00:09:03]} {[%emt 00:00:07]} 48. Rb6+ {[%clk 00:05:10]}
{[%emt 00:00:08]} Rd6 {[%clk 00:09:28]} {[%emt 00:00:04]} 49. Rb7 {[%clk
00:05:33]} {[%emt 00:00:06]} Kf6 {[%clk 00:09:54]} {[%emt 00:00:04]} 50. h4
{[%clk 00:04:00]} {[%emt 00:02:03]} Ra6 {[%clk 00:08:51]} {[%emt 00:01:34]} 51.
g4 {[%clk 00:01:38]} {[%emt 00:02:52]} Ra3+ {[%clk 00:08:28]} {[%emt 00:00:52]}
52. Kf2 {[%clk 00:02:02]} {[%emt 00:00:05]} Ra2+ {[%clk 00:08:42]} {[%emt
00:00:18]} 53. Kg1 {[%clk 00:01:41]} {[%emt 00:00:51]} fxg4 {[%clk 00:08:42]}
{[%emt 00:00:30]} 54. fxg4 {[%clk 00:02:06]} {[%emt 00:00:05]} Ra4 {[%clk
00:08:47]} {[%emt 00:00:25]} 55. Rb6+ {[%clk 00:02:17]} {[%emt 00:00:17]} Kf7
{[%clk 00:08:45]} {[%emt 00:00:34]} 56. Rb7+ {[%clk 00:02:04]} {[%emt
00:00:44]} Kg8 {[%clk 00:09:06]} {[%emt 00:00:08]} 57. Kg2 {[%clk 00:01:16]}
{[%emt 00:01:18]} Rxg4+ {[%clk 00:09:26]} {[%emt 00:00:10]} 58. Kh3 {[%clk
00:01:44]} {[%emt 00:00:02]} Re4 {[%clk 00:09:07]} {[%emt 00:00:49]} 59. Kg3
{[%clk 00:01:57]} {[%emt 00:00:17]} Re1 {[%clk 00:09:17]} {[%emt 00:00:19]} 60.
Kf2 {[%clk 00:01:52]} {[%emt 00:00:35]} Rh1 {[%clk 00:07:54]} {[%emt 00:01:53]}
61. Kg3 {[%clk 00:02:08]} {[%emt 00:00:14]} Ra1 {[%clk 00:06:02]} {[%emt
00:02:21]} 62. Rb5 {[%clk 00:01:37]} {[%emt 00:01:02]} Re1 {[%clk 00:05:56]}
{[%emt 00:00:36]} 63. Rb7 {[%clk 00:01:58]} {[%emt 00:00:10]} Re4 {[%clk
00:05:28]} {[%emt 00:00:56]} 64. h5 {[%clk 00:02:11]} {[%emt 00:00:17]} Rf4
{[%clk 00:05:12]} {[%emt 00:00:44]} 65. Re7 {[%clk 00:02:30]} {[%emt 00:00:11]}
Rf5 {[%clk 00:05:39]} {[%emt 00:00:04]} 66. Kg4 {[%clk 00:02:54]} {[%emt
00:00:05]} Rg5+ {[%clk 00:06:05]} {[%emt 00:00:05]} 67. Kh4 {[%clk 00:03:21]}
{[%emt 00:00:04]} Kf8 {[%clk 00:06:27]} {[%emt 00:00:07]} 68. Ra7 {[%clk
00:03:42]} {[%emt 00:00:08]} Rf5 {[%clk 00:06:26]} {[%emt 00:00:31]} 69. Kg4
{[%clk 00:03:38]} {[%emt 00:00:35]} Rg5+ {[%clk 00:06:14]} {[%emt 00:00:42]} 70.
Kh4 {[%clk 00:04:03]} {[%emt 00:00:04]} e4 {[%clk 00:06:38]} {[%emt 00:00:04]}
0-1

[Event "POHÁR města Říčany 2023"]
[Site "Městské kulturní středisko U labutě"]
[Date "2023.08.28"]
[Round "4.6"]
[White "Zemlicka, Vit"]
[Black "Hejsek, Lukas"]
[Result "0-1"]
[WhiteFideId "303143"]
[BlackFideId "393860"]
[WhiteElo "1950"]
[BlackElo "2081"]
[PlyCount "0"]
[EventDate "2023.08.26"]

1. e4 {[%clk 01:25:44]} {[%emt 00:05:15]} c5 {[%clk 01:30:53]} {[%emt
00:00:08]} 2. Nf3 {[%clk 01:26:08]} {[%emt 00:00:06]} Nc6 {[%clk 01:31:13]}
{[%emt 00:00:09]} 3. d4 {[%clk 01:26:31]} {[%emt 00:00:07]} cxd4 {[%clk
01:31:38]} {[%emt 00:00:05]} 4. Nxd4 {[%clk 01:26:55]} {[%emt 00:00:06]} Nf6
{[%clk 01:31:59]} {[%emt 00:00:08]} 5. Nc3 {[%clk 01:27:17]} {[%emt 00:00:09]}
e5 {[%clk 01:32:19]} {[%emt 00:00:10]} 6. Ndb5 {[%clk 01:27:24]} {[%emt
00:00:23]} d6 {[%clk 01:32:42]} {[%emt 00:00:07]} 7. Bg5 {[%clk 01:27:17]}
{[%emt 00:00:36]} a6 {[%clk 01:33:06]} {[%emt 00:00:07]} 8. Na3 {[%clk
01:27:42]} {[%emt 00:00:06]} b5 {[%clk 01:33:31]} {[%emt 00:00:05]} 9. Nd5
{[%clk 01:27:20]} {[%emt 00:00:53]} Be7 {[%clk 01:33:07]} {[%emt 00:00:54]} 10.
Bxf6 {[%clk 01:26:01]} {[%emt 00:01:49]} Bxf6 {[%clk 01:33:29]} {[%emt
00:00:08]} 11. c4 {[%clk 01:22:52]} {[%emt 00:03:38]} b4 {[%clk 01:33:45]}
{[%emt 00:00:14]} 12. Nc2 {[%clk 01:23:18]} {[%emt 00:00:05]} O-O {[%clk
01:33:28]} {[%emt 00:00:46]} 13. h4 {[%clk 01:22:19]} {[%emt 00:01:28]} a5
{[%clk 01:33:30]} {[%emt 00:00:29]} 14. g3 {[%clk 01:22:05]} {[%emt 00:00:45]}
Be6 {[%clk 01:32:21]} {[%emt 00:01:38]} 15. Bh3 {[%clk 01:21:16]} {[%emt
00:01:18]} Nd4 {[%clk 01:21:42]} {[%emt 00:11:10]} 16. Nxd4 {[%clk 01:13:28]}
{[%emt 00:08:18]} Bxd5 {[%clk 01:18:49]} {[%emt 00:03:23]} 17. cxd5 {[%clk
01:12:03]} {[%emt 00:01:56]} exd4 {[%clk 01:19:11]} {[%emt 00:00:07]} 18. Qd3
{[%clk 01:05:14]} {[%emt 00:07:19]} a4 {[%clk 01:17:06]} {[%emt 00:02:36]} 19.
Rc1 {[%clk 01:02:31]} {[%emt 00:03:12]} b3 {[%clk 01:15:21]} {[%emt 00:02:15]}
20. a3 {[%clk 00:57:11]} {[%emt 00:05:50]} Ra5 {[%clk 01:07:49]} {[%emt
00:08:01]} 21. O-O {[%clk 00:55:06]} {[%emt 00:02:35]} Rc5 {[%clk 01:06:39]}
{[%emt 00:01:39]} 22. Rxc5 {[%clk 00:52:05]} {[%emt 00:03:31]} dxc5 {[%clk
01:07:04]} {[%emt 00:00:06]} 23. Rc1 {[%clk 00:42:33]} {[%emt 00:10:02]} Be7
{[%clk 01:02:16]} {[%emt 00:05:17]} 24. Qb5 {[%clk 00:35:19]} {[%emt 00:07:45]}
Bd6 {[%clk 00:49:56]} {[%emt 00:12:49]} 25. Qxa4 {[%clk 00:19:59]} {[%emt
00:15:51]} g5 {[%clk 00:50:13]} {[%emt 00:00:12]} 26. Qxb3 {[%clk 00:12:08]}
{[%emt 00:08:21]} gxh4 {[%clk 00:50:33]} {[%emt 00:00:09]} 27. f4 {[%clk
00:11:52]} {[%emt 00:00:47]} hxg3 {[%clk 00:48:42]} {[%emt 00:02:22]} 28. Qxg3+
{[%clk 00:06:29]} {[%emt 00:05:51]} Kh8 {[%clk 00:49:10]} {[%emt 00:00:03]} 29.
Kf2 {[%clk 00:06:15]} {[%emt 00:00:45]} Rg8 {[%clk 00:42:10]} {[%emt 00:07:30]}
30. Bg4 {[%clk 00:06:25]} {[%emt 00:00:19]} Qb8 {[%clk 00:35:43]} {[%emt
00:06:57]} 31. Rh1 {[%clk 00:01:45]} {[%emt 00:05:10]} Qxb2+ {[%clk 00:36:06]}
{[%emt 00:00:08]} 32. Kf3 {[%clk 00:02:01]} {[%emt 00:00:12]} Qxa3+ {[%clk
00:26:11]} {[%emt 00:10:27]} 33. Kf2 {[%clk 00:02:15]} {[%emt 00:00:14]} Qb2+
{[%clk 00:26:11]} {[%emt 00:00:31]} 34. Kf3 {[%clk 00:01:12]} {[%emt 00:01:34]}
Qc3+ {[%clk 00:26:35]} {[%emt 00:00:07]} 35. Kg2 {[%clk 00:01:26]} {[%emt
00:00:15]} Qc2+ {[%clk 00:25:18]} {[%emt 00:01:47]} 36. Kf3 {[%clk 00:01:01]}
{[%emt 00:00:54]} Qd3+ {[%clk 00:25:41]} {[%emt 00:00:07]} 37. Kf2 {[%clk
00:01:24]} {[%emt 00:00:08]} Qxe4 {[%clk 00:25:53]} {[%emt 00:00:18]} 38. Bf3
{[%emt 00:00:38]} 0-1

[Event "POHÁR města Říčany 2023"]
[Site "Městské kulturní středisko U labutě"]
[Date "2023.08.28"]
[Round "4.7"]
[White "Rut, Vojtech"]
[Black "Popov, Roman"]
[Result "1/2-1/2"]
[WhiteFideId "333190"]
[BlackFideId "23732580"]
[WhiteElo "2061"]
[BlackElo "1925"]
[PlyCount "0"]
[EventDate "2023.08.26"]

1. c4 {[%clk 01:25:48]} {[%emt 00:05:12]} c6 {[%clk 01:30:31]} {[%emt
00:00:29]} 2. Nf3 {[%clk 01:26:01]} {[%emt 00:00:17]} d5 {[%clk 01:30:45]}
{[%emt 00:00:14]} 3. e3 {[%clk 01:26:16]} {[%emt 00:00:15]} Nf6 {[%clk
01:29:50]} {[%emt 00:01:25]} 4. Nc3 {[%clk 01:26:28]} {[%emt 00:00:19]} e6
{[%clk 01:28:11]} {[%emt 00:02:09]} 5. b3 {[%clk 01:26:23]} {[%emt 00:00:35]}
Be7 {[%clk 01:26:40]} {[%emt 00:02:00]} 6. Bb2 {[%clk 01:26:42]} {[%emt
00:00:11]} O-O {[%clk 01:25:56]} {[%emt 00:01:13]} 7. Qc2 {[%clk 01:26:37]}
{[%emt 00:00:36]} a6 {[%clk 01:20:36]} {[%emt 00:05:51]} 8. Be2 {[%clk
01:26:12]} {[%emt 00:00:54]} c5 {[%clk 01:17:08]} {[%emt 00:03:58]} 9. cxd5
{[%clk 01:25:14]} {[%emt 00:01:29]} exd5 {[%clk 01:13:00]} {[%emt 00:04:38]} 10.
d4 {[%clk 01:25:25]} {[%emt 00:00:19]} b6 {[%clk 01:11:38]} {[%emt 00:01:52]}
11. O-O {[%clk 01:25:06]} {[%emt 00:00:49]} Bb7 {[%clk 01:09:12]} {[%emt
00:02:56]} 12. Rfd1 {[%clk 01:23:24]} {[%emt 00:02:12]} Qc7 {[%clk 01:07:35]}
{[%emt 00:02:07]} 13. Rac1 {[%clk 01:22:56]} {[%emt 00:00:58]} Nbd7 {[%clk
01:04:57]} {[%emt 00:03:07]} 14. Qf5 {[%clk 01:21:40]} {[%emt 00:01:46]} Rfd8
{[%clk 01:00:20]} {[%emt 00:05:08]} 15. Ng5 {[%clk 01:18:58]} {[%emt 00:03:13]}
Nf8 {[%clk 00:54:40]} {[%emt 00:06:09]} 16. Bf3 {[%clk 01:17:15]} {[%emt
00:02:14]} h6 {[%clk 00:51:15]} {[%emt 00:03:55]} 17. Nh3 {[%clk 01:17:06]}
{[%emt 00:00:39]} Bc8 {[%clk 00:50:58]} {[%emt 00:00:47]} 18. Qd3 {[%clk
01:16:52]} {[%emt 00:00:44]} Bd6 {[%clk 00:46:59]} {[%emt 00:04:29]} 19. dxc5
{[%clk 01:15:51]} {[%emt 00:01:32]} Bxh2+ {[%clk 00:45:38]} {[%emt 00:01:50]}
20. Kh1 {[%clk 01:16:08]} {[%emt 00:00:13]} bxc5 {[%clk 00:43:51]} {[%emt
00:02:18]} 21. Nxd5 {[%clk 01:15:08]} {[%emt 00:01:29]} Nxd5 {[%clk 00:37:41]}
{[%emt 00:06:40]} 22. Bxd5 {[%clk 01:15:31]} {[%emt 00:00:07]} Be6 {[%clk
00:32:33]} {[%emt 00:05:37]} 23. Qc3 {[%clk 01:13:57]} {[%emt 00:02:04]} Be5
{[%clk 00:32:39]} {[%emt 00:00:23]} 24. Qxe5 {[%clk 01:14:03]} {[%emt
00:00:24]} Qxe5 {[%clk 00:33:00]} {[%emt 00:00:10]} 25. Bxe5 {[%clk 01:14:29]}
{[%emt 00:00:04]} Bxd5 {[%clk 00:33:10]} {[%emt 00:00:19]} 26. Nf4 {[%clk
01:14:00]} {[%emt 00:01:00]} Bb7 {[%clk 00:30:45]} {[%emt 00:02:54]} 27. Rxd8
{[%clk 01:11:46]} {[%emt 00:02:44]} Rxd8 {[%clk 00:31:13]} {[%emt 00:00:02]} 28.
Rxc5 {[%clk 01:11:18]} {[%emt 00:00:58]} Nd7 {[%clk 00:29:35]} {[%emt
00:02:08]} 29. Bc7 {[%clk 01:09:20]} {[%emt 00:02:29]} Nxc5 {[%clk 00:28:44]}
{[%emt 00:01:20]} 30. Bxd8 {[%clk 01:09:43]} {[%emt 00:00:06]} Ne6 {[%clk
00:26:30]} {[%emt 00:02:43]} 31. Nxe6 {[%clk 01:09:15]} {[%emt 00:01:01]} fxe6
{[%clk 00:26:53]} {[%emt 00:00:06]} 32. Kh2 {[%clk 01:08:32]} {[%emt 00:01:13]}
Kf7 {[%clk 00:26:56]} {[%emt 00:00:27]} 33. g4 {[%clk 01:08:27]} {[%emt
00:00:35]} e5 {[%clk 00:22:07]} {[%emt 00:05:19]} 34. Kg3 {[%clk 01:08:18]}
{[%emt 00:00:39]} e4 {[%clk 00:17:26]} {[%emt 00:05:11]} 35. Kf4 {[%clk
01:08:02]} {[%emt 00:00:45]} Ke6 {[%clk 00:17:45]} {[%emt 00:00:12]} 36. g5
{[%clk 01:06:59]} {[%emt 00:01:33]} hxg5+ {[%clk 00:17:14]} {[%emt 00:01:01]}
37. Kxg5 {[%clk 01:07:21]} {[%emt 00:00:07]} Kd6 {[%clk 00:14:06]} {[%emt
00:03:38]} 38. Kg6 {[%clk 01:05:19]} {[%emt 00:02:32]} Kc5 {[%clk 00:14:12]}
{[%emt 00:00:24]} 39. Be7+ {[%clk 01:05:36]} {[%emt 00:00:13]} Kb5 {[%clk
00:14:21]} {[%emt 00:00:21]} 40. Kxg7 {[%clk 01:05:07]} {[%emt 00:01:00]} a5
{[%clk 00:12:49]} {[%emt 00:02:02]} 41. Kf6 {[%clk 01:00:16]} {[%emt 00:05:21]}
a4 {[%clk 00:11:18]} {[%emt 00:02:02]} 42. bxa4+ {[%clk 01:00:15]} {[%emt
00:00:31]} Kxa4 {[%clk 00:11:38]} {[%emt 00:00:10]} 43. Ke5 {[%clk 01:00:38]}
{[%emt 00:00:07]} Ba8 {[%clk 00:11:20]} {[%emt 00:00:47]} 44. Bc5 {[%clk
00:59:41]} {[%emt 00:01:28]} Bb7 {[%clk 00:11:28]} {[%emt 00:00:22]} 45. f4
{[%clk 00:58:45]} {[%emt 00:01:26]} exf3 {[%clk 00:11:51]} {[%emt 00:00:07]} 46.
e4 {[%clk 00:59:08]} {[%emt 00:00:07]} f2 {[%clk 00:11:58]} {[%emt 00:00:24]}
47. Bxf2 {[%clk 00:59:33]} {[%emt 00:00:04]} Ka3 {[%clk 00:12:18]} {[%emt
00:00:11]} 48. Kd4 {[%clk 00:59:44]} {[%emt 00:00:19]} 1/2-1/2

[Event "POHÁR města Říčany 2023"]
[Site "Městské kulturní středisko U labutě"]
[Date "2023.08.28"]
[Round "4.8"]
[White "Walek, Petr"]
[Black "Korniichuk, Oleksandra"]
[Result "1-0"]
[WhiteFideId "339393"]
[BlackFideId "14155656"]
[WhiteElo "2219"]
[BlackElo "1869"]
[PlyCount "0"]
[EventDate "2023.08.26"]

1. e4 {[%clk 01:30:58]} c5 {[%clk 01:30:49]} {[%emt 00:00:12]} 2. Nf3 {[%clk
01:31:22]} {[%emt 00:00:06]} Nc6 {[%clk 01:31:13]} {[%emt 00:00:06]} 3. d4
{[%clk 01:31:44]} {[%emt 00:00:09]} cxd4 {[%clk 01:31:33]} {[%emt 00:00:09]} 4.
Nxd4 {[%clk 01:32:10]} {[%emt 00:00:05]} Nf6 {[%clk 01:31:58]} {[%emt
00:00:05]} 5. Nc3 {[%clk 01:32:34]} {[%emt 00:00:06]} e5 {[%clk 01:32:18]}
{[%emt 00:00:10]} 6. Ndb5 {[%clk 01:32:58]} {[%emt 00:00:05]} d6 {[%clk
01:32:31]} {[%emt 00:00:18]} 7. Bg5 {[%clk 01:33:17]} {[%emt 00:00:10]} a6
{[%clk 01:32:34]} {[%emt 00:00:28]} 8. Na3 {[%clk 01:33:40]} {[%emt 00:00:07]}
b5 {[%clk 01:30:26]} {[%emt 00:02:38]} 9. Bxf6 {[%clk 01:34:04]} {[%emt
00:00:06]} gxf6 {[%clk 01:30:45]} {[%emt 00:00:11]} 10. Nd5 {[%clk 01:34:28]}
{[%emt 00:00:06]} Bg7 {[%clk 01:29:06]} {[%emt 00:02:09]} 11. g3 {[%clk
01:34:45]} {[%emt 00:00:13]} O-O {[%clk 01:26:10]} {[%emt 00:03:25]} 12. Bg2
{[%clk 01:34:54]} {[%emt 00:00:22]} Rb8 {[%clk 01:25:49]} {[%emt 00:00:51]} 13.
O-O {[%clk 01:26:33]} {[%emt 00:08:50]} Ne7 {[%clk 01:24:20]} {[%emt 00:01:59]}
14. Nxe7+ {[%clk 01:24:46]} {[%emt 00:02:17]} Qxe7 {[%clk 01:22:54]} {[%emt
00:01:55]} 15. c3 {[%clk 01:24:33]} {[%emt 00:00:44]} f5 {[%clk 01:22:00]}
{[%emt 00:01:24]} 16. exf5 {[%clk 01:21:21]} {[%emt 00:03:43]} Bxf5 {[%clk
01:22:04]} {[%emt 00:00:25]} 17. Nc2 {[%clk 01:20:37]} {[%emt 00:01:14]} Be6
{[%clk 01:19:28]} {[%emt 00:03:05]} 18. Nb4 {[%clk 01:13:26]} {[%emt 00:07:41]}
Rb6 {[%clk 01:15:39]} {[%emt 00:04:19]} 19. Qd2 {[%clk 01:09:03]} {[%emt
00:04:53]} Qc7 {[%clk 01:04:33]} {[%emt 00:11:36]} 20. Rfd1 {[%clk 00:53:29]}
{[%emt 00:16:04]} Qc5 {[%clk 00:51:38]} {[%emt 00:13:26]} 21. Qg5 {[%clk
00:44:04]} {[%emt 00:09:55]} a5 {[%clk 00:34:55]} {[%emt 00:17:13]} 22. Nd5
{[%clk 00:39:16]} {[%emt 00:05:18]} Bxd5 {[%clk 00:33:15]} {[%emt 00:02:11]} 23.
Rxd5 {[%clk 00:36:27]} {[%emt 00:03:18]} Qc7 {[%clk 00:33:24]} {[%emt
00:00:21]} 24. Be4 {[%clk 00:32:26]} {[%emt 00:04:31]} f5 {[%clk 00:28:38]}
{[%emt 00:05:16]} 25. Bc2 {[%clk 00:23:56]} {[%emt 00:09:00]} h6 {[%clk
00:17:48]} {[%emt 00:11:21]} 26. Qe3 {[%clk 00:20:59]} {[%emt 00:03:26]} Rf6
{[%clk 00:13:11]} {[%emt 00:05:07]} 27. Rad1 {[%clk 00:17:03]} {[%emt
00:04:26]} Kf8 {[%clk 00:08:48]} {[%emt 00:04:53]} 28. f4 {[%clk 00:13:37]}
{[%emt 00:03:55]} e4 {[%clk 00:08:32]} {[%emt 00:00:47]} 29. a3 {[%clk
00:08:27]} {[%emt 00:05:41]} Rb8 {[%clk 00:08:36]} {[%emt 00:00:25]} 30. Bb3
{[%clk 00:05:02]} {[%emt 00:03:55]} Qb6 {[%clk 00:08:18]} {[%emt 00:00:48]} 31.
Kf2 {[%clk 00:05:23]} {[%emt 00:00:08]} Qxe3+ {[%clk 00:08:04]} {[%emt
00:00:45]} 32. Kxe3 {[%clk 00:05:52]} {[%emt 00:00:01]} Ke7 {[%clk 00:08:11]}
{[%emt 00:00:23]} 33. R1d2 {[%clk 00:04:43]} {[%emt 00:01:38]} Rb7 {[%clk
00:08:35]} {[%emt 00:00:06]} 34. a4 {[%clk 00:03:17]} {[%emt 00:01:56]} bxa4
{[%clk 00:06:27]} {[%emt 00:02:39]} 35. Bxa4 {[%clk 00:03:37]} {[%emt
00:00:10]} Ra7 {[%clk 00:06:33]} {[%emt 00:00:24]} 36. Rb5 {[%clk 00:03:27]}
{[%emt 00:00:40]} Rf8 {[%clk 00:04:05]} {[%emt 00:02:59]} 37. Rdd5 {[%clk
00:03:22]} {[%emt 00:00:34]} Rc8 {[%clk 00:04:22]} {[%emt 00:00:13]} 38. Rxf5
{[%clk 00:02:12]} {[%emt 00:01:41]} Bxc3 {[%clk 00:04:38]} {[%emt 00:00:14]} 39.
bxc3 {[%clk 00:01:59]} {[%emt 00:00:43]} Rxc3+ {[%clk 00:05:04]} {[%emt
00:00:03]} 40. Ke2 {[%clk 00:01:34]} {[%emt 00:00:55]} Ra3 {[%clk 00:05:03]}
{[%emt 00:00:32]} 41. Bb3 {[%clk 00:01:31]} {[%emt 00:00:33]} Rd7 {[%clk
00:04:24]} {[%emt 00:01:09]} 42. Rb8 {[%clk 00:00:47]} {[%emt 00:01:14]} d5
{[%clk 00:04:20]} {[%emt 00:00:34]} 43. Bxd5 {[%clk 00:01:05]} {[%emt
00:00:12]} e3 {[%clk 00:04:09]} {[%emt 00:00:42]} 44. Rf7+ {[%clk 00:00:48]}
{[%emt 00:00:46]} Kd6 {[%clk 00:04:34]} {[%emt 00:00:05]} 45. Rxd7+ {[%clk
00:00:42]} {[%emt 00:00:37]} Kxd7 {[%clk 00:05:02]} {[%emt 00:00:02]} 46. Rb3
{[%clk 00:00:49]} {[%emt 00:00:22]} Ra2+ {[%clk 00:05:12]} {[%emt 00:00:20]} 47.
Kxe3 {[%clk 00:01:15]} {[%emt 00:00:05]} Rxh2 {[%clk 00:05:38]} {[%emt
00:00:04]} 48. Ra3 {[%clk 00:01:31]} {[%emt 00:00:14]} h5 {[%clk 00:05:52]}
{[%emt 00:00:16]} 49. Rxa5 {[%clk 00:01:00]} {[%emt 00:01:02]} h4 {[%clk
00:06:13]} {[%emt 00:00:08]} 50. g4 {[%clk 00:00:39]} {[%emt 00:00:50]} h3
{[%clk 00:06:19]} {[%emt 00:00:24]} 51. Ra2 {[%clk 00:00:35]} {[%emt 00:00:34]}
Rxa2 {[%clk 00:06:31]} {[%emt 00:00:18]} 52. Bxa2 {[%clk 00:01:02]} {[%emt
00:00:03]} h2 {[%clk 00:06:56]} {[%emt 00:00:04]} 53. Bd5 {[%clk 00:01:28]}
{[%emt 00:00:03]} 1-0